Projetando solucoes baseadas em componentes

Guardat en:
Dades bibliogràfiques
Autor principal: Kirtland, Mary (Autor)
Format: Llibre
Idioma:portuguès
Publicat: Río de Janeiro Campus 2000
Matèries:
Etiquetes: Afegir etiqueta
Sense etiquetes, Sigues el primer a etiquetar aquest registre!

MARC

LEADER 00000nam a2200000 a 4500
001 UCN3666
003 CL-VaPUC
008 010706e20000000BL |||||||||||||||||por|d
082 0 4 |a 005.1  |b KIR  |2 21 
100 0 |a Kirtland, Mary  |e author  |9 460247 
245 1 0 |a Projetando solucoes baseadas em componentes 
300 |a 413 p 
942 |c BK 
945 |d 20010706 00:00:00  |a vberengu 
260 |a Río de Janeiro  |b Campus  |c 2000 
500 |a Incluye 3 cd 
650 0 |a Procesamiento electrónico de datos  |9 259457 
650 0 |a Software computacional   |9 384784 
650 0 |a Programas de computación   |9 334383 
583 |a last modification  |c 20010706 00:00:00  |k Rodrigo Vera 
999 |c 296454  |d 296452 
952 |0 0  |1 0  |4 0  |6 005_100000000000000_KIR_2000  |7 0  |8 A  |9 350232  |a BIBING  |b BIBING  |d 2019-11-20  |i 3686426  |o 005.1 KIR 2000  |p 3686426  |r 2024-01-25  |w 2019-11-20  |y BK  |k EII